000 00829nam a22002897a 4500
001 BR2010004909
003 BR-BrBNA
005 20230928103408.0
007 ta
008 230509b bl.||||| |||| 00| 0 por d
040 _aBR-BrBNA
_bpor
_cBiblioteca Nacional de Agricultura
041 _a(Por)
072 _aF01
_b1910
090 _ 1910 BR2010004909
100 1 _aPrimavesi, A.
245 1 _aManejo ecológico de pastagens em regiões tropicais e subtropicais
260 3 _aSão Paulo, SP (Brasil):
_bLivraria Nobel S.A.,
_c1999.
300 _a185 p.
500 _aBibliography p. 181-185; 76 illus.
650 _aPASTAGEM
650 _aDEFICIÊNCIA MINERAL
650 _aECOLOGIA VEGETAL
650 _aPRÁTICA CULTURAL
650 _aPASTEJO ROTATIVO
909 _a202309
_bLucia
_c55
_dLucia Elande
942 _cBK
999 _c74929
_d74929